| 000 | 00419nam a22001697a 4500 | ||
|---|---|---|---|
| 003 | NUST - PNEC | ||
| 005 | 20170116181005.0 | ||
| 008 | 150912b xxu||||| |||| 00| 0 eng d | ||
| 020 | _a- | ||
| 040 | _cLIBRARY | ||
| 082 | _a621.38153 SHE | ||
| 100 |
_99778 _aR.F. Shea |
||
| 245 |
_aPriciples of transistor circuits _cR.F. Shea |
||
| 260 | _cc.1953 | ||
| 650 |
_99776 _aElectrical engineering _xEE |
||
| 942 |
_2ddc _cBK |
||
| 999 |
_c66865 _d66865 |
||